01284cam a22003377a 4500003000500000005001700005008004100022010000900063011000900072035000900081040000900090090001000099100004500109245013700154260004000291300003000331502007700361590003700438590004100475590004100516590004100557590004200598650003000640650003700670650003900707901000700746942001000753949004100763999001500804952012700819CHAP20220329133121.0971013s1990 mx a r 00010 spa d a2334 a3306 a2506 cCHAP aTesis00aRamírez Delgadillo, Jorge Luis.99396410aAcolchado con plástico en el cultivo de calabacita (Cucurbita pepo var. Zucchini) en el área de influencia de Chapingo, México aChapingo. Méx. :bEl Autor,c1990 a109 h. :bilus., gráfs. aTesis (Ing. Agr. Esp. en Fitotecnia) -- UACH. Departamento de Fitotecnia aALEPHb10c20130110lUCH01h1212 aBATCH-UPDb10c20130110lUCH01h0948 aBATCH-UPDb10c20130410lUCH01h0603 aBATCH-UPDb10c20130913lUCH01h1911 aCONVERSIONb10c20130109lUCH01h130314aAcolchado de suelos.962314aCalabazaxMéxico (Edo.)91728614aPlásticos en agricultura.989199 aBK cTESIS bBCcTESd-12007eTS1h24385i2506si c2334d2334 00102local4051708TESISaBCbBCcPA_TESISd2019-12-31fTESISl0oTesisp-12007r2019-12-31 00:00:00w2019-12-31yTESIS